[Event "Titled Tue 24th Jun Late"]
[Site "chess.com INT"]
[Date "2025.06.24"]
[Round "3"]
[White "Kawka, Milena"]
[Black "Carnicelli, Valerio"]
[Result "0-1"]
[WhiteTitle "WCM"]
[BlackTitle "FM"]
[WhiteElo "2003"]
[BlackElo "2396"]
[WhiteFideId "21095167"]
[BlackFideId "856185"]
[EventDate "2025.06.24"]

1. Nf3 c5 2. e3 d5 3. b3 Nf6 4. Bb2 a6 5. d4 e6 6. Bd3 Nc6 7. a3 cxd4 8. exd4
Bd6 9. O-O O-O 10. Nbd2 Qc7 11. Re1 b5 12. Rc1 b4 13. axb4 Nxb4 14. Bf1 Na2 15.
Ra1 Nc3 16. Qc1 Nfe4 17. Nxe4 dxe4 18. Ne5 f6 19. Bxc3 Qxc3 20. Nc4 Bc7 21. Rxe4
Bb7 22. Rxe6 Qxd4 23. Qd1 Qc5 24. Qe1 Qh5 25. h3 Rfe8 26. Rd1 Qf7 27. Rxe8+ Rxe8
28. Qd2 Qe7 29. Ne3 Qe5 30. Bc4+ Kh8 31. g3 Bb6 32. Qd6 Qxd6 33. Rxd6 Bc5 34.
Rd7 Bc8 35. Rc7 Bd4 36. Rc6 a5 37. Rd6 Be5 38. Rc6 h5 39. Bd5 Bb7 40. Rc5 Bd4
41. Rb5 Bxd5 42. Rxd5 Bxe3 43. fxe3 Rxe3 44. Rxa5 Rxg3+ 45. Kh2 Rc3 46. Ra8+ Kh7
47. b4 Rxc2+ 48. Kg3 Rb2 49. Rb8 Kg6 50. b5 Kf5 51. b6 g5 52. b7 Rb3+ 53. Kg2 g4
54. hxg4+ hxg4 55. Kf2 Rb4 56. Kg3 Rb3+ 57. Kg2 Rb4 58. Kg3 Rb5 59. Kg2 Rb3 60.
Kf2 Kf4 61. Kg2 Rb2+ 62. Kf1 Kf3 63. Ke1 g3 64. Rf8 Rxb7 65. Rxf6+ Kg2 66. Rg6
Re7+ 67. Kd1 Re5 68. Rg4 Kf3 69. Rg7 g2 70. Rf7+ Kg4 71. Rg7+ Rg5 72. Rxg5+ Kxg5
73. Ke2 g1=Q 0-1

[Event "Titled Tue 24th Jun Late"]
[Site "chess.com INT"]
[Date "2025.06.24"]
[Round "3"]
[White "Krishnakumar, Sriram"]
[Black "Yao, Hanchi"]
[Result "1/2-1/2"]
[WhiteTitle "FM"]
[WhiteElo "2197"]
[BlackElo "2129"]
[WhiteFideId "30915856"]
[BlackFideId "30957397"]
[EventDate "2025.06.24"]

1. e4 c5 2. Nf3 d6 3. d4 Nf6 4. dxc5 Nxe4 5. cxd6 Nc6 6. Bd3 Nxd6 7. O-O g6 8.
c3 Bg7 9. Bf4 O-O 10. Re1 Re8 11. Ne5 Nxe5 12. Bxe5 Bxe5 13. Rxe5 Bf5 14. Bxf5
Nxf5 15. Nd2 Qc7 16. Nf3 Rad8 17. Qb3 e6 18. Re2 Ne7 19. h4 Nc6 20. h5 Na5 21.
Qb4 Rd5 22. h6 Red8 23. Qe4 Qc4 24. Qe3 Nc6 25. Rae1 Qg4 26. Rd2 Rxd2 27. Nxd2
Rd5 28. Ne4 Qf5 29. f3 Kf8 30. b4 g5 31. a4 Qf4 32. Qf2 b6 33. c4 Rd7 34. Qb2
Ke7 35. b5 Ne5 36. Qa3+ Ke8 37. Nd6+ Kd8 38. Ne4 Nd3 39. Qf8+ Kc7 40. Rf1 Qe3+
41. Kh1 f5 42. Nf6 Rd8 43. Qe7+ Kc8 44. Qxa7 Nf2+ 45. Kh2 Qe5+ 46. Kg1 Nh3+ 47.
Kh1 Qxf6 48. Qa8+ Kd7 49. Qb7+ Ke8 50. Qc6+ Rd7 51. gxh3 Qxh6 52. Kg2 Qf6 53.
Re1 Qb2+ 54. Kh1 Kd8 55. Qxe6 Qf2 56. Qe8+ Kc7 57. Qe5+ Kd8 58. Qh8+ Kc7 59.
Qe5+ Kb7 60. Qe3 Qg3 61. Qg1 Qxh3+ 62. Qh2 Qxf3+ 63. Qg2 Qxg2+ 64. Kxg2 Rd6 65.
Re5 Rd2+ 66. Kf3 Ra2 67. Re7+ Kc8 68. Rxh7 Rxa4 69. Rh6 Rxc4 70. Rxb6 Kc7 71.
Rg6 g4+ 72. Kg3 Rc5 73. b6+ Kb7 74. Rf6 Rb5 75. Kf2 Re5 76. Kg3 Rb5 77. Kf4 Rxb6
78. Rxf5 Rb4+ 79. Kg3 Kc6 80. Rf4 Rxf4 81. Kxf4 g3 82. Kxg3 1/2-1/2

[Event "Titled Tue 24th Jun Late"]
[Site "chess.com INT"]
[Date "2025.06.24"]
[Round "3"]
[White "Hadzovic, Amir"]
[Black "Dehtiarov, Roman"]
[Result "1-0"]
[WhiteTitle "FM"]
[BlackTitle "FM"]
[WhiteElo "2354"]
[BlackElo "2416"]
[WhiteFideId "14402300"]
[BlackFideId "14186640"]
[EventDate "2025.06.24"]

1. e4 e5 2. Nc3 Nf6 3. Nf3 Nc6 4. g3 Bb4 5. Bg2 O-O 6. O-O Bxc3 7. dxc3 d6 8.
Qd3 Nd7 9. Bg5 Qe8 10. Nd2 Nc5 11. Qe2 f5 12. exf5 Bxf5 13. Be3 Ne6 14. Qb5 Rb8
15. Ne4 Qg6 16. Qc4 Kh8 17. f3 Ne7 18. Qe2 Nd5 19. Bxa7 Ra8 20. Bf2 Ndf4 21. Qe1
Nxg2 22. Kxg2 Nf4+ 23. Kh1 Bh3 24. Rg1 Ne6 25. Qe2 Rf7 26. g4 Raf8 27. Rg3 h6
28. Rag1 Kg8 29. Be1 Nf4 30. Qe3 Qe6 31. Nf2 Qd5 32. Qe4 Qxa2 33. Nxh3 Qxb2 34.
Nxf4 Rxf4 35. Qg6 R4f6 36. Qd3 Qc1 37. g5 hxg5 38. Rxg5 R8f7 39. Bd2 Qa3 40. Rg6
Qc5 41. Rxf6 Rxf6 42. Bg5 Rf7 43. Qg6 Qxc3 44. Rg3 Qe1+ 45. Kg2 Qe2+ 46. Kh3
Qf1+ 47. Kh4 Qc4+ 48. Rg4 Qe2 49. h3 Qe1+ 50. Kh5 Qh1 51. h4 Qxf3 52. Qe6 Kh7
53. Qg6+ Kg8 54. Bh6 Rf5+ 55. Bg5 e4 56. Qe8+ Rf8 57. Qe6+ Qf7+ 58. Qxf7+ Rxf7
59. Rxe4 Kh7 60. Kg4 b6 61. Re7 Rxe7 62. Bxe7 d5 63. Bd8 c5 64. Bxb6 c4 65. Bd4
Kg6 66. h5+ Kh6 67. Be3+ Kh7 68. Kg5 Kh8 69. Bd4 Kg8 70. Kg6 Kf8 71. Bxg7+ Kg8
72. Bd4 Kf8 73. h6 Ke7 74. h7 Ke6 75. h8=Q Kd6 1-0

[Event "Titled Tue 24th Jun Late"]
[Site "chess.com INT"]
[Date "2025.06.24"]
[Round "3"]
[White "Kozak, Adam"]
[Black "Livaic, Leon"]
[Result "0-1"]
[WhiteTitle "GM"]
[BlackTitle "GM"]
[WhiteElo "2587"]
[BlackElo "2550"]
[WhiteFideId "753246"]
[BlackFideId "14531534"]
[EventDate "2025.06.24"]

1. Nf3 d6 2. b3 e5 3. Bb2 f5 4. c4 Nf6 5. Nc3 Be7 6. d3 O-O 7. g3 c6 8. Bg2 h6
9. O-O Be6 10. e3 Nbd7 11. Nd2 d5 12. Qe2 e4 13. cxd5 cxd5 14. Rad1 Qe8 15. Nb5
Qf7 16. Nc7 Rac8 17. Nxe6 Qxe6 18. Nb1 Nc5 19. dxe4 dxe4 20. Bd4 Nd3 21. Rxd3
exd3 22. Qxd3 b6 23. Nc3 Rfd8 24. Ne2 Bc5 25. Qa6 Bxd4 26. Nxd4 Qd7 27. a4 Rc5
28. b4 Rc3 29. a5 bxa5 30. Qxa5 g6 31. b5 Rcc8 32. Nc6 Rf8 33. Nxa7 Rc2 34. Nc6
Ne4 35. Nd4 Qc7 36. b6 Qc5 37. Qxc5 Rxc5 38. Bxe4 fxe4 39. Ne6 Rb5 40. Nxf8 Kxf8
41. Rc1 Rxb6 42. Rc4 Re6 43. g4 Kf7 44. h4 g5 45. h5 Kf6 46. Rc7 Ke5 47. Rf7 Ra6
48. Kg2 Rb6 49. Kf1 Rb1+ 50. Ke2 Rb2+ 51. Ke1 Rb6 52. Kd2 Rb1 53. Re7+ Kd5 54.
Rh7 Rg1 55. Rxh6 Rxg4 56. Rh8 Ke6 57. Kc3 Rg2 58. h6 Kf7 59. h7 Kg7 60. Rf8 Kxh7
61. Kd4 Rg4 62. Ke5 Kg6 63. Rf6+ Kh5 64. Kf5 Rg1 65. Rf8 Kh6 66. Kxe4 Kg6 67.
Rg8+ Kf6 68. Ra8 g4 69. Ra6+ Kg5 70. Ra5+ Kh4 71. Ra4 Rg2 0-1

[Event "Titled Tue 24th Jun Late"]
[Site "chess.com INT"]
[Date "2025.06.24"]
[Round "3"]
[White "Damaraju, Ashwin"]
[Black "Paravyan, David"]
[Result "0-1"]
[BlackTitle "GM"]
[WhiteElo "2084"]
[BlackElo "2589"]
[WhiteFideId "39908348"]
[BlackFideId "4194985"]
[EventDate "2025.06.24"]

1. e4 e5 2. Nf3 Nf6 3. Nxe5 d6 4. Nf3 Nxe4 5. Nc3 Nxc3 6. dxc3 Be7 7. Be3 O-O 8.
Qd2 Nd7 9. O-O-O Nf6 10. Bd3 Re8 11. Rhe1 Bg4 12. Bg5 Nd7 13. Bxe7 Rxe7 14. Qf4
Bxf3 15. Qxf3 c6 16. Bf5 Rxe1 17. Rxe1 Qg5+ 18. Kb1 Ne5 19. Qh3 g6 20. Bd3 Qd2
21. Qe3 Qxe3 22. Rxe3 Nxd3 23. cxd3 Kf8 24. d4 d5 25. Kc2 Re8 26. Rxe8+ Kxe8 27.
Kd3 Kd7 28. Ke3 Ke6 29. Kf4 h6 30. h4 f6 31. Kg4 f5+ 32. Kf4 Kf6 33. Kf3 g5 34.
g3 Kg6 35. a4 Kh5 36. hxg5 Kxg5 37. a5 h5 38. b3 b6 39. a6 b5 40. b4 f4 41.
gxf4+ Kh4 42. f5 Kg5 43. f6 Kxf6 44. Kf4 Kg6 45. Ke5 Kg5 46. f4+ Kh6 47. Ke6 h4
48. f5 h3 49. f6 h2 50. f7 h1=Q 51. f8=Q+ Kh7 52. Qf7+ Kh6 53. Qf6+ Kh7 54. Qf5+
Kh6 55. Qf6+ Kh7 56. Qe7+ Kg6 57. Qxa7 Qh3+ 58. Kd6 Qg3+ 59. Kxc6 Qxc3+ 60. Kxd5
Qb3+ 61. Ke5 Qg3+ 62. Kd5 Qf3+ 63. Kc5 Qc3+ 64. Kd6 Qg3+ 65. Kc6 Qc3+ 0-1

[Event "Titled Tue 24th Jun Late"]
[Site "chess.com INT"]
[Date "2025.06.24"]
[Round "3"]
[White "Bazan Romero, Octavio Aaron"]
[Black "Chen, Yidong"]
[Result "1-0"]
[WhiteTitle "FM"]
[WhiteElo "2289"]
[BlackElo "2074"]
[WhiteFideId "20003943"]
[BlackFideId "8607028"]
[EventDate "2025.06.24"]

1. d4 Nf6 2. Nc3 d5 3. Bf4 a6 4. Nf3 e6 5. h4 c5 6. e3 Nc6 7. h5 b5 8. h6 g6 9.
Ne5 Bb7 10. a3 Bd6 11. g4 Qc7 12. Bg5 Nd7 13. Nxd7 Qxd7 14. Bf6 Rg8 15. g5 Be7
16. Qf3 cxd4 17. exd4 Bxf6 18. Qxf6 Qe7 19. Qxe7+ Kxe7 20. O-O-O Rgc8 21. Kb1
Na5 22. Bd3 Nc4 23. Bxc4 Rxc4 24. Rh3 Rac8 25. Rf3 Bc6 26. b3 Rxc3 27. Rxc3 Kd6
28. Rf3 Be8 29. Kb2 Rc7 30. Rc3 Bc6 31. f4 f6 32. Rf1 Rf7 33. Rcf3 Be8 34. Kc3
Rc7+ 35. Kd2 Rf7 36. Ke3 Rf8 37. Rb1 Bd7 38. gxf6 Rxf6 39. a4 Rf8 40. axb5 Bxb5
41. Kd2 Rc8 42. Re3 Rf8 43. Rbe1 Bd7 44. Rf3 Rf5 45. Re5 Rf8 46. c4 Bc6 47. c5+
Kd7 48. Kc3 a5 49. Rfe3 Rf6 50. b4 a4 51. Kb2 Bb5 52. Ka3 Bc6 53. Rf3 Bb5 54.
Re1 Rf5 55. Rfe3 Rf6 56. Rf3 Rf5 57. Re5 Rf6 58. f5 gxf5 59. Rg3 Rxh6 60. Rg7+
Kd8 61. Rb7 Rh3+ 62. Kb2 Bc4 63. Ra7 Rb3+ 64. Kc2 a3 65. Rxe6 Rb2+ 66. Kc3 Rb3+
67. Kc2 Rb2+ 68. Kc1 Rg2 69. Rf6 Rg1+ 70. Kd2 Rg2+ 71. Ke3 Ke8 72. Rb6 Re2+ 73.
Kf3 Kf8 74. Rb8+ Re8 75. Rxe8+ Kxe8 76. Rxa3 Kd7 77. Ra5 Kc6 78. Ra7 h5 79. Rh7
Kb5 80. Rxh5 Kxb4 81. Rxf5 Kb5 82. Ke3 Kc6 83. Rf6+ Kc7 84. Rb6 Kd7 85. Kf4 Kc7
86. Ke5 Kd7 87. Rd6+ Kc7 88. Rxd5 1-0

[Event "Titled Tue 24th Jun Late"]
[Site "chess.com INT"]
[Date "2025.06.24"]
[Round "3"]
[White "Milare, Tyron"]
[Black "Urbina Perez, Juan Antonio"]
[Result "1/2-1/2"]
[WhiteTitle "FM"]
[BlackTitle "FM"]
[WhiteElo "2248"]
[BlackElo "2221"]
[WhiteFideId "12987018"]
[BlackFideId "2217368"]
[EventDate "2025.06.24"]

1. d4 Nf6 2. Nf3 d6 3. g3 g6 4. Bg2 b5 5. Ne5 dxe5 6. Bxa8 c6 7. dxe5 Qxd1+ 8.
Kxd1 Nd5 9. a4 b4 10. e6 fxe6 11. c4 Nb6 12. Bf4 Nxa8 13. Bxb8 Bg7 14. a5 a6 15.
Ra4 c5 16. Nd2 O-O 17. Ne4 Bd7 18. Nxc5 Bxa4+ 19. Nxa4 Rxb8 20. b3 Be5 21. Kc2
Kf7 22. Nc5 Nc7 23. Nd7 Rd8 24. Nxe5+ Kf6 25. Nc6 Rd6 26. Nxb4 Ne8 27. e4 g5 28.
c5 Rd7 29. Nxa6 Ra7 30. b4 Rxa6 31. f4 Nc7 32. Rd1 gxf4 33. gxf4 Nb5 34. Rd8 e5
35. f5 Ra7 36. Kd3 e6 37. Kc4 Nd4 38. Rd6 Rb7 39. c6 Rb8 40. b5 Nxb5 41. Rxe6+
Kf7 42. a6 Nc7 43. Rxe5 Nxa6 44. Ra5 Nc7 45. Ra7 Rc8 46. Kc5 Kf6 47. Kb6 Ne8 48.
Rxh7 Rb8+ 49. Ka7 Rb1 50. Rh6+ Ke7 51. Re6+ Kd8 52. h4 Ra1+ 53. Kb6 Rb1+ 54. Kc5
Nc7 55. Rd6+ Kc8 56. Rh6 Rc1+ 57. Kd6 Rd1+ 58. Ke5 Nb5 59. Rh8+ Kc7 60. Rh7+
Kxc6 61. f6 Rf1 62. f7 Nd6 63. Rh6 Rxf7 64. Rxd6+ Kc7 65. Rd5 Rh7 66. Kf6 Rxh4
67. e5 Rh6+ 68. Kg7 Rh1 69. e6 Rg1+ 70. Kf6 Kc6 71. e7 Rf1+ 72. Kg7 Rg1+ 73. Kf7
Rf1+ 74. Ke6 Re1+ 75. Kf5 Rf1+ 76. Kg4 Re1 77. Rd4 Rxe7 78. Rf4 Rg7+ 79. Kf3 Ra7
80. Kg4 Kd5 81. Rf5+ Ke6 82. Rg5 Kf6 83. Rf5+ Kg6 84. Rf3 Ra4+ 85. Kg3 Kg5 86.
Re3 Ra1 87. Kf3 Rf1+ 88. Ke4 Ra1 89. Rd3 Kg4 90. Rd4 Re1+ 91. Kd3+ Kf3 92. Kd2
Ra1 93. Rd3+ Kf2 94. Rc3 1/2-1/2

[Event "Titled Tue 24th Jun Late"]
[Site "chess.com INT"]
[Date "2025.06.24"]
[Round "3"]
[White "Vaganian, Rafael A"]
[Black "Feng, Eric"]
[Result "1-0"]
[WhiteTitle "GM"]
[WhiteElo "2449"]
[BlackElo "2194"]
[WhiteFideId "13300016"]
[BlackFideId "30952590"]
[EventDate "2025.06.24"]

1. d4 Nf6 2. Nf3 b6 3. Bg5 e6 4. e4 Be7 5. e5 Nd5 6. Bxe7 Nxe7 7. g3 Bb7 8. Bg2
d6 9. O-O O-O 10. Nc3 Nd7 11. Re1 d5 12. h4 c5 13. Ne2 cxd4 14. Nexd4 Nc6 15. c3
a6 16. Qd2 Qc7 17. Qf4 Rac8 18. Nxc6 Bxc6 19. Nd4 Nc5 20. Re3 Bb7 21. h5 h6 22.
g4 f6 23. b4 fxe5 24. Qxe5 Qxe5 25. Rxe5 Nd3 26. Rxe6 Rxc3 27. Rxb6 Bc8 28.
Bxd5+ Kh8 29. Rb8 Nxf2 30. Be6 Nh3+ 31. Kh2 Ng5 32. Rxc8 Rcxc8 33. Bxc8 Rxc8 34.
b5 Rc4 35. Rd1 axb5 36. Nxb5 Rxg4 37. Nc3 Rh4+ 38. Kg2 Rg4+ 39. Kf2 Rc4 40. Ne2
Rc2 41. Ra1 Ne6 42. Ke3 Rc5 43. a4 Ra5 44. Nc3 Nc5 45. Rb1 Nxa4 46. Ra1 Re5+ 47.
Kd4 Rxh5 48. Rxa4 Rh4+ 49. Ne4 Kh7 50. Ra6 Rh1 51. Ke3 Re1+ 52. Kf4 Rb1 53. Kf5
Rb5+ 54. Kf4 Rb4 55. Ra7 h5 56. Ra6 g6 57. Kf3 Kh6 58. Ra5 Rb3+ 59. Kf4 Rb4 60.
Kf3 h4 61. Ng5 Rc4 62. Nf7+ Kg7 63. Ng5 Rb4 64. Ne4 Kh6 65. Ng5 Rb3+ 66. Kg4
Rb4+ 67. Kh3 Rc4 68. Nf7+ Kg7 69. Ng5 Kf6 70. Nh7+ Ke6 71. Ng5+ Ke7 72. Nh7 Rb4
73. Ng5 Kd6 74. Nh7 Ke7 75. Ng5 Rf4 76. Nh7 Kf7 77. Ng5+ Kf6 78. Nh7+ Kg7 79.
Ng5 Rd4 80. Ne6+ Kf6 81. Nxd4 g5 82. Kg4 Kg6 83. Ra6+ Kg7 84. Nf5+ Kh7 85. Nxh4
Kg7 86. Kxg5 Kf7 87. Nf5 Ke8 88. Kf6 Kd7 89. Nd4 Kc7 90. Ke6 Kb7 91. Rc6 Ka7 92.
Kd7 Kb7 93. Nb5 Kb8 94. Rb6+ Ka8 95. Re6 Kb7 96. Rd6 Ka8 97. Kc6 Kb8 98. Rd8# 1-0

[Event "Titled Tue 24th Jun Late"]
[Site "chess.com INT"]
[Date "2025.06.24"]
[Round "3"]
[White "Povshednyi, Ivan"]
[Black "Smieszek, Wojciech"]
[Result "1-0"]
[WhiteTitle "FM"]
[BlackTitle "CM"]
[WhiteElo "2309"]
[BlackElo "2141"]
[WhiteFideId "14190907"]
[BlackFideId "1156047"]
[EventDate "2025.06.24"]

1. Nf3 Nf6 2. g3 c5 3. Bg2 Nc6 4. O-O g6 5. c3 Bg7 6. d4 cxd4 7. cxd4 d5 8. Nc3
O-O 9. Ne5 Bf5 10. Nxc6 bxc6 11. Na4 Ne4 12. Bf4 Qd7 13. Rc1 Rac8 14. Nc5 Nxc5
15. Rxc5 Bh3 16. Qd3 Bxg2 17. Kxg2 Rfe8 18. Rfc1 e5 19. Bxe5 Bxe5 20. dxe5 Rxe5
21. e3 Re6 22. b4 Rb8 23. a3 h5 24. h4 Rf6 25. Qd4 Qf5 26. Qf4 Qxf4 27. gxf4 Rb6
28. Kf3 Ra6 29. R1c3 Kf8 30. Ke2 Ke7 31. Kd3 Re6 32. b5 cxb5 33. Rxb5 Red6 34.
Rb7+ Ke6 35. Rb4 f6 36. Ke2 Kd7 37. Rd3 Ra5 38. Kf3 Rb6 39. e4 Ke6 40. f5+ Ke5
41. fxg6 Rxb4 42. axb4 dxe4+ 43. Ke3 Rb5 44. g7 Rb8 45. Rd7 Kf5 46. Rxa7 Kg6 47.
b5 f5 48. Kf4 Kh7 49. Rf7 Rxb5 50. Rxf5 Rb4 51. Rg5 Kg8 52. Rxh5 Kxg7 53. Rg5+
Kf6 54. Rf5+ Kg6 55. Rg5+ Kf6 56. Rf5+ Kg6 57. h5+ Kh6 58. Re5 e3+ 59. Kxe3 Rb3+
60. Kf4 Rb4+ 61. Kg3 Rb3+ 62. Kg4 Rb1 63. f4 Rg1+ 64. Kf5 Kxh5 65. Re6 Rf1 66.
Ra6 Rf2 67. Ke5 Re2+ 68. Kf6 Kh6 69. f5 Re1 70. Ra8 Kh7 71. Kf7 Rf1 72. f6 Rb1
73. Ra5 Rb7+ 74. Kf8 Rb8+ 75. Ke7 Rb7+ 76. Ke6 Rb6+ 77. Kf5 Rb7 78. Kg5 Kg8 79.
Kg6 Rb8 80. Rh5 Rf8 81. Rh1 Rb8 82. Ra1 Rc8 83. Ra7 Rb8 84. Rg7+ Kh8 85. Rh7+
Kg8 86. f7+ Kf8 87. Rh8+ Ke7 88. Rxb8 1-0

[Event "Titled Tue 24th Jun Late"]
[Site "chess.com INT"]
[Date "2025.06.24"]
[Round "3"]
[White "Lortkipanidze, Nodar"]
[Black "Sjugirov, Sanan"]
[Result "0-1"]
[WhiteTitle "IM"]
[BlackTitle "GM"]
[WhiteElo "2359"]
[BlackElo "2635"]
[WhiteFideId "13604058"]
[BlackFideId "4189302"]
[EventDate "2025.06.24"]

1. e4 c6 2. Nc3 d5 3. Nf3 Bg4 4. h3 Bxf3 5. Qxf3 e6 6. g3 Nd7 7. d3 Bb4 8. Bd2
d4 9. Nb1 Qb6 10. b3 Qa5 11. Bg2 h5 12. Qd1 Bxd2+ 13. Nxd2 h4 14. g4 e5 15. O-O
Ne7 16. f4 Ng6 17. fxe5 Ngxe5 18. a3 Qc7 19. Rf5 g6 20. Rf2 a5 21. Qe2 Qd6 22.
a4 b5 23. Qe1 Qb4 24. Re2 Kf8 25. Qf2 Kg7 26. Nf1 Qd6 27. Nd2 Nc5 28. Nf3 Ne6
29. Nxh4 Ng5 30. Rf1 bxa4 31. bxa4 c5 32. Nf5+ gxf5 33. h4 Nxg4 34. e5 Nxf2 35.
exd6 Nfh3+ 36. Kh2 Rxh4 37. Bxa8 Nf4+ 38. Kg3 Rg4+ 39. Kf2 Nxe2 40. Kxe2 Kf6 41.
d7 Ne6 42. Be4 Rg5 43. Bd5 Rg8 44. Rb1 Rd8 45. Bc6 Ke5 46. Rb5 Kd6 47. Bf3 Rxd7
48. Rxa5 Re7 49. Kf2 Ng5 50. Ra6+ Ke5 51. Bg2 Kf4 52. Rc6 Ra7 53. Rxc5 Rxa4 54.
Rd5 Ne6 55. Bh3 Kg5 56. Bxf5 Nf4 57. Rc5 Kf6 58. Be4 Ne6 59. Rc6 Ke5 60. Rb6 Ra2
61. Rb5+ Kd6 62. Rd5+ Ke7 63. Kf3 Rxc2 64. Rb5 Rc5 65. Rb7+ Rc7 66. Rb5 Rc5 67.
Rb7+ Kf6 68. Ra7 Rb5 69. Rd7 Rh5 70. Ra7 Rh3+ 71. Kg4 Re3 72. Ra6 Ke5 73. Ra5+
Kf6 74. Ra6 Re1 75. Kf3 Rf1+ 76. Ke2 Rf4 77. Rb6 Rh4 78. Kf3 Ke5 79. Rb5+ Kd6
80. Rb6+ Ke7 81. Rb7+ Kf6 82. Rb6 Rh8 83. Ra6 Rd8 84. Rb6 Rc8 85. Ra6 Rc5 86.
Rb6 Ke5 87. Rb7 Ng5+ 88. Kg4 Nxe4 89. dxe4 Kxe4 90. Rxf7 Ke3 91. Re7+ Kd2 92.
Kf3 d3 93. Rd7 Rc4 94. Kf2 Rf4+ 95. Kg3 Rf8 96. Kg2 Ke2 97. Re7+ Kd1 98. Rd7 d2
99. Kg1 Rf5 100. Kg2 Ke2 101. Re7+ Kd3 102. Rd7+ Ke3 103. Re7+ Kd4 104. Rd7+ Rd5
105. Rxd5+ Kxd5 0-1

[Event "Titled Tue 24th Jun Late"]
[Site "chess.com INT"]
[Date "2025.06.24"]
[Round "3"]
[White "Tang, Austin"]
[Black "Barria, Jose"]
[Result "1-0"]
[BlackTitle "FM"]
[WhiteElo "1979"]
[BlackElo "2371"]
[WhiteFideId "30964580"]
[BlackFideId "1939300"]
[EventDate "2025.06.24"]

1. d4 Nf6 2. Bg5 g6 3. Bxf6 exf6 4. e3 Bg7 5. c4 d5 6. cxd5 Qxd5 7. Nc3 Qa5 8.
g3 O-O 9. Bg2 c6 10. Ne2 Nd7 11. O-O f5 12. Rb1 Nf6 13. b4 Qd8 14. b5 cxb5 15.
Rxb5 Rb8 16. a4 Ne8 17. Qb1 Nd6 18. Rb2 Nc4 19. Ra2 b6 20. Qb3 Nd6 21. a5 Ba6
22. Qb4 Bc4 23. Raa1 Re8 24. axb6 Rxb6 25. Qc5 a6 26. Rfb1 Rxb1+ 27. Rxb1 Bf8
28. Nf4 Qc8 29. Nfd5 Rd8 30. Nb6 Qxc5 31. dxc5 Nb5 32. Nxb5 Bxb5 33. c6 Bd6 34.
Rc1 Rb8 35. Nd7 Rc8 36. Nb6 Rb8 37. Nd5 a5 38. c7 Rc8 39. Ra1 a4 40. Nc3 Be5 41.
Nxb5 Bxa1 42. Bb7 Rxc7 43. Nxc7 a3 44. Bd5 Kg7 45. Nb5 Bb2 46. Ba2 f6 47. Kf1 g5
48. Ke2 h5 49. h4 gxh4 50. gxh4 Kg6 51. Kf3 Bc1 52. e4 fxe4+ 53. Kxe4 Bb2 54. f4
f5+ 55. Kf3 Kf6 56. Nc7 Bc1 57. Nd5+ Kg6 58. Ne3 Bd2 59. Nc4 Bc1 60. Ne5+ Kf6
61. Nd3 Bd2 62. Ke2 Ba5 63. Kd1 Bc3 64. Kc2 Bd4 65. Kb3 Bg1 66. Kxa3 Bh2 67. Kb3
Bg3 68. Kc4 Bxh4 69. Kd4 Bg3 70. Ke3 Bh4 71. Kf3 Ke7 72. Bg8 Bf6 73. Bh7 Ke6 74.
Nf2 Bd4 75. Nh3 Kf6 76. Bg8 Bc5 77. Bc4 Be7 78. Bd3 Bf8 79. Ng5 Bh6 80. Nh7+ Kg7
81. Ng5 Kf6 82. Nh3 Bf8 83. Kg3 Be7 84. Be2 Kg6 85. Ng1 h4+ 86. Kh3 Bd6 87. Nf3
Bxf4 88. Nxh4+ Kg5 89. Bd3 Be5 90. Nxf5 Kf4 91. Ne7 Ba1 92. Ng6+ Ke3 93. Bb1 Kd2
94. Kg4 Kc1 95. Bf5 Kb2 96. Kf3 Kc3 97. Ke4 Kb4 98. Nf4 Kc5 99. Kd3 Kc6 100. Kc4
Kc7 101. Nd5+ Kd6 102. Bh3 Bh8 103. Ne3 Bf6 104. Kd3 Ke5 105. Ng4+ Kf4 106. Nxf6
Kg3 107. Bd7 Kf4 108. Ne8 Kg5 109. Kd4 Kh4 110. Kd5 Kg3 111. Be6 Kf2 112. Nd6
Ke1 113. Ne4 Ke2 114. Kd4 Kf3 115. Kd3 Kg2 116. Ke3 Kh2 117. Kf3 Kg1 118. Nf2
Kh2 119. Bc4 Kg1 120. Bd3 Kh2 121. Ng4+ Kg1 122. Kg3 Kh1 123. Nf2+ Kg1 124. Nh3+
Kh1 125. Be4# 1-0

[Event "Titled Tue 24th Jun Late"]
[Site "chess.com INT"]
[Date "2025.06.24"]
[Round "4"]
[White "Guliev, Gasan"]
[Black "Melillo, Lucius"]
[Result "0-1"]
[WhiteTitle "CM"]
[BlackTitle "FM"]
[WhiteElo "2123"]
[BlackElo "2170"]
[WhiteFideId "34165638"]
[BlackFideId "30958245"]
[EventDate "2025.06.24"]

1. e4 Nf6 2. d3 d5 3. Nd2 c5 4. exd5 Qxd5 5. Ngf3 Nc6 6. g3 b6 7. Bg2 Bb7 8. O-O
Qd7 9. Nc4 e6 10. c3 Be7 11. Nfe5 Nxe5 12. Nxe5 Qc8 13. Qa4+ Kf8 14. Bg5 Bxg2
15. Kxg2 Qb7+ 16. f3 Rd8 17. Rad1 b5 18. Qc2 Nd5 19. Bxe7+ Kxe7 20. d4 Ne3+ 0-1

[Event "Titled Tue 24th Jun Late"]
[Site "chess.com INT"]
[Date "2025.06.24"]
[Round "4"]
[White "Popilski, Gil"]
[Black "Haddouche, Mohamed"]
[Result "0-1"]
[WhiteTitle "GM"]
[BlackTitle "GM"]
[WhiteElo "2431"]
[BlackElo "2490"]
[WhiteFideId "2809060"]
[BlackFideId "7900660"]
[EventDate "2025.06.24"]

1. e4 e5 2. Nf3 d6 3. d4 exd4 4. Qxd4 Nf6 5. Bg5 Be7 6. Nc3 Nc6 7. Bb5 O-O 8.
Bxc6 bxc6 9. O-O-O c5 10. Qd2 Bb7 11. Rhe1 h6 12. Bxh6 gxh6 13. e5 Nh7 14. h4
Bxh4 15. Nxh4 Qxh4 16. Kb1 dxe5 17. Re3 Rad8 0-1

[Event "Titled Tue 24th Jun Late"]
[Site "chess.com INT"]
[Date "2025.06.24"]
[Round "4"]
[White "Gasparyan, Erik R."]
[Black "Tang, Dylan"]
[Result "1-0"]
[WhiteTitle "IM"]
[BlackTitle "FM"]
[WhiteElo "2372"]
[BlackElo "2236"]
[WhiteFideId "13315730"]
[BlackFideId "30972531"]
[EventDate "2025.06.24"]

1. Nf3 d5 2. g3 g6 3. Bg2 Bg7 4. d4 Nf6 5. O-O O-O 6. c4 c6 7. cxd5 cxd5 8. Nc3
Nc6 9. Ne5 Bf5 10. Bf4 Ne4 11. Nxc6 bxc6 12. Rc1 Nxc3 13. Rxc3 Qb6 14. e3 Qxb2
15. Rxc6 Be4 16. Bxe4 dxe4 17. Qb1 Qxb1 18. Rxb1 Rfc8 19. Rxc8+ Rxc8 20. Rb7 Bf6
21. Rxa7 Rc2 22. Bh6 Rc8 23. a4 e6 24. a5 Bg7 25. Bf4 e5 26. Bxe5 Bxe5 27. dxe5
Rc5 28. e6 fxe6 29. a6 Rc2 30. Rb7 1-0

[Event "Titled Tue 24th Jun Late"]
[Site "chess.com INT"]
[Date "2025.06.24"]
[Round "4"]
[White "Hoeffer, David"]
[Black "Nersisyan, Garnik"]
[Result "1-0"]
[WhiteTitle "FM"]
[BlackTitle "CM"]
[WhiteElo "2295"]
[BlackElo "2035"]
[WhiteFideId "24606766"]
[BlackFideId "13300741"]
[EventDate "2025.06.24"]

1. e4 e6 2. Nf3 d5 3. Nc3 dxe4 4. Nxe4 Nd7 5. d4 Be7 6. Bd3 Ngf6 7. Ng3 O-O 8.
O-O b6 9. c3 Bb7 10. Re1 c5 11. Qe2 cxd4 12. Nxd4 Nc5 13. Bc2 h6 14. b4 Na6 15.
Bb2 Nc7 16. a3 a6 17. c4 b5 18. Rad1 Qe8 19. Ndf5 bxc4 20. Nxg7 Kxg7 21. Nh5+
Kg8 22. Nxf6+ Bxf6 23. Bxf6 1-0

[Event "Titled Tue 24th Jun Late"]
[Site "chess.com INT"]
[Date "2025.06.24"]
[Round "4"]
[White "Playa, Marcelo"]
[Black "Romany, Joy"]
[Result "1-0"]
[WhiteTitle "IM"]
[BlackTitle "WIM"]
[WhiteElo "2376"]
[BlackElo "1960"]
[WhiteFideId "102202"]
[BlackFideId "10656820"]
[EventDate "2025.06.24"]

1. e4 e5 2. Nf3 Nc6 3. d4 exd4 4. Bc4 Nf6 5. Ng5 Ne5 6. Bb3 h6 7. f4 hxg5 8.
fxe5 Nh5 9. O-O f6 10. Bxg5 fxg5 11. Bf7+ Ke7 12. Bxh5 d5 13. Rf7+ Ke8 14. Rxg7+ 1-0

[Event "Titled Tue 24th Jun Late"]
[Site "chess.com INT"]
[Date "2025.06.24"]
[Round "4"]
[White "Eswaran, Ashritha"]
[Black "Luke Brezmes, Cristofer"]
[Result "1-0"]
[WhiteTitle "FM"]
[BlackTitle "CM"]
[WhiteElo "2236"]
[BlackElo "2093"]
[WhiteFideId "2080788"]
[BlackFideId "2274477"]
[EventDate "2025.06.24"]

1. e4 d6 2. d4 Nf6 3. Nc3 e5 4. Nf3 Nbd7 5. Bc4 Be7 6. O-O c6 7. a4 Qc7 8. a5 h6
9. Bb3 Nf8 10. Re1 g5 11. Be3 Ng6 12. Kh1 Bg4 13. d5 Nh4 14. a6 Bxf3 15. gxf3
Kf8 16. axb7 Qxb7 17. dxc6 Qxc6 18. Nd5 Qd7 19. Rg1 Nh5 20. Rg4 Bd8 21. Ra6 f6
22. Nb4 Be7 23. Qd5 Rb8 24. Qf7# 1-0